Concept of truth in science and religion / (Record no. 127037)
[ view plain ]
| 000 -LEADER | |
|---|---|
| fixed length control field | 00898nam a22002777a 4500 |
| 003 - CONTROL NUMBER IDENTIFIER | |
| control field | 0 |
| 005 - DATE AND TIME OF LATEST TRANSACTION | |
| control field | 20180729112613.0 |
| 008 - FIXED-LENGTH DATA ELEMENTS--GENERAL INFORMATION | |
| fixed length control field | 0 |
| 010 ## - LIBRARY OF CONGRESS CONTROL NUMBER | |
| LC control number | B-167313 |
| 020 ## - INTERNATIONAL STANDARD BOOK NUMBER | |
| Terms of availability | 400.00 |
| International Standard Book Number | 9788180691804 |
| 035 ## - SYSTEM CONTROL NUMBER | |
| System control number | B-167313, B-167314 |
| 037 ## - SOURCE OF ACQUISITION | |
| Source of stock number/acquisition | Cen Lib/Ret |
| 040 ## - CATALOGING SOURCE | |
| Original cataloging agency | DPL |
| Language of cataloging | EN |
| Transcribing agency | 0 |
| 082 ## - DEWEY DECIMAL CLASSIFICATION NUMBER | |
| Classification number | 291.175 |
| Item number | GAN |
| 100 ## - MAIN ENTRY--PERSONAL NAME | |
| Personal name | Gangrade, K.D. |
| 9 (RLIN) | 73424 |
| 245 ## - TITLE STATEMENT | |
| Title | Concept of truth in science and religion / |
| Statement of responsibility, etc | by K.D. Gangrade, L.S. Kothari [and] A.R. Verma |
| 260 ## - PUBLICATION, DISTRIBUTION, ETC. (IMPRINT) | |
| Place of publication, distribution, etc | New Delhi |
| Name of publisher, distributor, etc | Concept Publishing Company |
| Date of publication, distribution, etc | 2005 |
| 270 ## - ADDRESS | |
| City | New Delhi |
| Address | A/15-16, commercial block, mohan garden |
| Postal code | 110059 |
| 300 ## - PHYSICAL DESCRIPTION | |
| Extent | 228p. |
| Dimensions | 21cm(Hb) |
| 500 ## - GENERAL NOTE | |
| General note | Includes bibliographical references and index |
| 650 ## - SUBJECT ADDED ENTRY--TOPICAL TERM | |
| Topical term or geographic name as entry element | Philosophy and science |
| 9 (RLIN) | 9659 |
| 650 ## - SUBJECT ADDED ENTRY--TOPICAL TERM | |
| Topical term or geographic name as entry element | Religion and science |
| 9 (RLIN) | 11093 |
| 700 ## - ADDED ENTRY--PERSONAL NAME | |
| Personal name | Kothari, L.S. |
| 9 (RLIN) | 19199 |
| 700 ## - ADDED ENTRY--PERSONAL NAME | |
| Personal name | Verma, A.R. |
| 9 (RLIN) | 19200 |
| 942 ## - ADDED ENTRY ELEMENTS (KOHA) | |
| Source of classification or shelving scheme | Dewey Decimal Classification |
| Koha item type | English Books |
| Classification part | 291.175 |
| Call number suffix | GAN |
| Withdrawn status | Lost status | Damaged status | Not for loan | Home library | Current library | Date acquired | Source of acquisition | Cost, normal purchase price | Total Checkouts | Total Renewals | Full call number | Barcode | Date last seen | Date checked out | Copy number | Cost, replacement price | Price effective from | Koha item type | Source of classification or shelving scheme | Collection code |
|---|---|---|---|---|---|---|---|---|---|---|---|---|---|---|---|---|---|---|---|---|
| Central Library | Central Library | 27/06/2015 | Cen Lib/Ret | 400.00 | 1 | 1 | 291.175 GAN | B-167313 | 17/02/2018 | 13/01/2018 | 1 | 400.00 | 27/06/2015 | English Books | ||||||
| Patel Nagar | Patel Nagar | 29/07/2018 | BPPD/Pub | 400.00 | 291.175 GAN | B-167314 | 29/07/2018 | 400.00 | 29/07/2018 | English Books | Dewey Decimal Classification | Non-fiction |
